| 000 | 01876nam a22002777a 4500 | ||
|---|---|---|---|
| 003 | PE SENCICO BE | ||
| 005 | 20251020182710.0 | ||
| 008 | 250115b |||||||| |||| 00| 0 eng d | ||
| 020 | _a978-84-7902-752-0 | ||
| 040 |
_aPE SENCICO BE _cPE SENCICO BE |
||
| 041 | _aspa | ||
| 082 |
_a712.6 _bN49 |
||
| 100 | 1 |
_92827 _aNewbury, Tim _eautor |
|
| 245 | 1 |
_a40 nuevos diseños de pequeños jardines / _cTim Newbury |
|
| 250 | _a[1a ed.] | ||
| 260 |
_aMadrid : _bTutor ; _c2009 |
||
| 300 |
_a256 p. : _bilustraciones a color, láminas ; _c26 cm. |
||
| 500 | _aEn la cubierta: "40 excelentes diseños de diferentes estilos, proyectos paso a paso, planos de plantación detallados, un diseño para cada espacio". | ||
| 505 | 0 | _aAzotea con fuente -- Para las cuatro estaciones -- Jardín oriental -- Jardín silvestre -- Verde que te quiero verde -- A la sombra -- Jardín en dos niveles -- Patio ideal para niños -- Jardín ilusorio -- El primer jardín -- Casi instantáneo -- Jardín natural -- Huerto en macetas -- Jardín clásico de hierbas aromáticas -- Jardín gastronómico -- Con efectos de color -- Santuario perfumado -- Jardín ecológico -- Jardín cuadrado -- Jardín floral -- Pequeño espacio de comedor -- Paraíso tropical en la terraza -- Patio clásico -- Azotea chic -- Terraza romántica -- Vida regalada -- Jardín estrecho -- Patio con agua -- Habitación con vistas -- Jardín familiar -- Jardín de bajo mantenimiento -- Espacio para fiestas -- Jardín de interés invernal -- Impacto minimalista -- Jardín a prueba de sequías -- Jardín acuático -- Jardín circular -- Apartado rincón urbano -- Jardín de estilo rural -- Ganar altura | |
| 650 | 1 | 0 |
_964 _aJardines |
| 650 | 2 | 0 |
_91410 _aEstructuras de jardines |
| 650 | 2 | 0 |
_92828 _aDiseño de jardines |
| 650 | 2 | 0 |
_92829 _aEstilos de jardines |
| 910 |
_ahfp _bhfp _chfp |
||
| 942 |
_2ddc _cLIB |
||
| 999 |
_c5059 _d5059 |
||